Ganong's review of medical physiology. (Record no. 2928)
[ view plain ]
| 000 -LEADER | |
|---|---|
| fixed length control field | 00683nam a22002537a 4500 |
| 003 - CONTROL NUMBER IDENTIFIER | |
| control field | OSt |
| 005 - DATE AND TIME OF LATEST TRANSACTION | |
| control field | 20210727071156.0 |
| 008 - FIXED-LENGTH DATA ELEMENTS--GENERAL INFORMATION | |
| fixed length control field | 210727b ||||| |||| 00| 0 eng d |
| 020 ## - INTERNATIONAL STANDARD BOOK NUMBER | |
| International Standard Book Number | 0070677220 |
| 020 ## - INTERNATIONAL STANDARD BOOK NUMBER | |
| International Standard Book Number | 9780070677227 |
| 040 ## - CATALOGING SOURCE | |
| Transcribing agency | ALUPE UNIVERSITY |
| 050 ## - LIBRARY OF CONGRESS CALL NUMBER | |
| Classification number | QP34.5 |
| Item number | .G3 2010 |
| 100 ## - MAIN ENTRY--PERSONAL NAME | |
| Personal name | Kim E Barrett |
| 245 ## - TITLE STATEMENT | |
| Title | Ganong's review of medical physiology. |
| 250 ## - EDITION STATEMENT | |
| Edition statement | 23. ed |
| 260 ## - PUBLICATION, DISTRIBUTION, ETC. | |
| Place of publication, distribution, etc. | New Delhi |
| Name of publisher, distributor, etc. | Tata Mcgraw Hill Education Private Ltd. |
| Date of publication, distribution, etc. | c2010 |
| 300 ## - PHYSICAL DESCRIPTION | |
| Extent | 714p |
| 500 ## - GENERAL NOTE | |
| General note | index incl. |
| 650 ## - SUBJECT ADDED ENTRY--TOPICAL TERM | |
| Topical term or geographic name entry element | Medical physiology. |
| 700 ## - ADDED ENTRY--PERSONAL NAME | |
| Personal name | Susan M Barman |
| 700 ## - ADDED ENTRY--PERSONAL NAME | |
| Personal name | Scott Boitano |
| 700 ## - ADDED ENTRY--PERSONAL NAME | |
| Personal name | Heddwen L Brooks |
| 942 ## - ADDED ENTRY ELEMENTS (KOHA) | |
| Source of classification or shelving scheme | |
| Koha item type | Book |
| Suppress in OPAC | DO |
| Withdrawn status | Lost status | Source of classification or shelving scheme | Damaged status | Not for loan | Permanent Location | Current Location | Shelving location | Date acquired | Source of acquisition | Total Checkouts | Full call number | Barcode | Date last seen | Date last checked out | Copy number | Price effective from | Koha item type | Public note |
|---|---|---|---|---|---|---|---|---|---|---|---|---|---|---|---|---|---|---|
| AU LIBRARY | AU LIBRARY | Open Shelf | 27.07.2021 | donation from Moi University | 1 | QP34.5 .G3 2010 C1 | 28001324 | 22.04.2024 | 12.04.2024 | 1 | 27.07.2021 | Book | DO | |||||
| AU LIBRARY | AU LIBRARY | Open Shelf | 27.07.2021 | DONATION FROM MOI UNIVERSITY | 3 | QP34.5 .G3 2010 C2 | 28001323 | 19.02.2026 | 06.02.2026 | 2 | 27.07.2021 | Book | JO |